Stati del Patto di Varsavia - Statistics

Statistiche generali
  • Questo quiz è stato fatto 30 volte
  • Il punteggio medio è 6 su 8
Statistiche sulle risposte
Stato % Corretto
Polonia
96%
Romania
78%
Ungheria
78%
Bulgaria
70%
Cecoslovacchia
70%
Unione Sovietica
67%
Germania Est
56%
Albania
52%
Nessun quiz corrispondente trovato
Distribuzione punteggi
Percentuale di utenti per punteggio
Percentile per numero di risposta
I tuoi punteggi nel tempo
Non hai fatto questo quiz